Квиз о Чешкој Републици - Statistics

General Stats
  • This quiz has been taken 206 times
  • The average score is 11 of 21
Answer Stats
Опис Одговор % Correct
Земље са којима се граничи Словачка
94%
Земље са којима се граничи Немачка
92%
Земље са којима се граничи Пољска
91%
Земље са којима се граничи Аустрија
91%
Етничка групација у коју спадајуЧеси, Пољаци, Срби... Словени
84%
Била је дио ове земље до 1993. Чехословачка
82%
Валута Круна
75%
Највећи произвођач аутомобила Шкода
69%
Главни град Праг
63%
Познати мост у том граду Карлов Мост
62%
Држава која је 1968. извршила инвазију Совјетски Савез
61%
Најпопуларнији спорт (након фудбала) Хокеј
51%
Највећа регија Бохемија
46%
Аутор дела "Преображај", илити "Метаморфоза" Франц Кафка
37%
Друга најпознатија регија Моравска
36%
Царство чији је дио Чешка била, 1002-1806 Свето римско царство
32%
Град познат по пиву Плзењ
24%
Писац који је био председник државе од 1993-2003 Вацлав Хавел
17%
Река која извире у Крконошама и улива се у Северно море у Немачкој Лаба
13%
Чин бацања неке особе кроз прозор. Десио се 1419. и 1618. Дефенестрација
6%
Глупо антропоморфно чудовиштеиз јеврејског фолклора Голем
5%
No matching quizzes found
Score Distribution
Percent of People with Each Score
Percentile by Number Answered
Your Score History
You have not taken this quiz